书目信息 |
| 题名: |
体育理论
|
|
| 作者: | ;全国体育学院教材委员会 | |
| 分册: | ||
| 出版信息: | 四川 人民体育出版社 1997 |
|
| 页数: | 353 | |
| 开本: | 20cm | |
| 丛书名: | ||
| 单 册: | ||
| 中图分类: | G821 | |
| 科图分类: | ||
| 主题词: | 田径运动 | |
| 电子资源: | ||
| ISBN: | 7-5009-0092-9 | |
| 000 | 00760nam0 2200229 450 | |
| 001 | 36480453 | |
| 005 | 20070817100800.46 | |
| 010 | @a7-5009-0092-9@d¥5.00 | |
| 100 | @a20070817d km y0chiy0120 ea | |
| 101 | 0 | @achi |
| 200 | 1 | @a体育理论@Ati yu li lun@e体育学院通用教材@f全国体育学院教材委员会 |
| 210 | @a四川@c人民体育出版社@d1997 | |
| 215 | @a353@d20cm | |
| 517 | 1 | @a体育学院通用教材@Ati yu xue yuan tong yong jiao cai |
| 606 | 0 | @a田径运动 |
| 690 | @aG821@v3 | |
| 711 | 02 | @a全国体育学院教材委员会 |
| 801 | 0 | @aCN@bPFT@c20070817 |
| 905 | @a213230@dG821@et39@f1 | |
| < | 逵 | @Fquan guo ti yu xue yuan jiao cai wei yuan hui |
| ?0 | < | font color ='#ff0000'>@u xue yuan tong yong jiao cai |
| 秚02 | 3< | font color ='#ff0000'>@dG821@et39@f1 |
| 体育理论:体育学院通用教材/全国体育学院教材委员会.-四川:人民体育出版社,1997 |
| 353;20cm |
| ISBN 7-5009-0092-9:¥5.00 |
| ● |
| 相关链接 |
|
|
|
|
正题名:体育理论
索取号:G821/t39
 
预约/预借
| 序号 | 登录号 | 条形码 | 馆藏地/架位号 | 状态 | 备注 |
| 1 | 6901534 | 269015344 | 密集书库-体育系/ [索取号:G821/t39] | 在馆 | |
| 2 | 6901535 | 269015353 | 密集书库-体育系/ [索取号:G821/t39] | 在馆 |